zpět

Detail výsledku týmu

Bartolomějka, Kolín

Datum a čas kvízu

35 Celkem bodů Celkový počet nahraných bodů na tomto kvízu bez doplňovacích otázek.
3. Pořadí na kvízu Konečné umístění týmu na tomto kvízu.

Zaznamenané odpovědi

# Otázka Odpověď Body Výsledky
1. Minulý týden rozbouřil vody če... Vondráček s kolegou vyskočili na předsednický pult a hráli na kytary. 1
2. Předsedkyně ruského parlamentn... Čajkovskij 0
3. 4. březen se zřejmě stane čern... Luke Perry, Keith Flint 1
4. Švédská automobilka Volvo omez... 180 km/h 0
5. Klub NBA Washington Wizards ot... Tomáš Satoranský 1
6. V prvních čtyřech otázkách tém... Božena Němcová, Babička 1
7. "Ačkoli nemám rád všechna ta p... Zdeněk Jirotka, Saturnin 1
8. "Mé nejstarší vzpomínky... To... Karel Čapek, Hovory s TGM 1
9. „Drva hlaďúnký, bílúnký, a tak... Rudolf Těsnohlídek, Liška Bystrouška 0
10. "V jednom kupé druhé třídy ryc... B 1